Chémia a dnešok VII. medzinárodné sympózium socialistických štátov o vyučovaní chémie na všeobecnovzdelávacích školách

Bibliographic Details
Main Author: Geršič, Ján, 1929-1990 (Author)
Format: Article
Language:Slovak
PhysicalDescription:Obr. 1.
Subjects:

MARC

LEADER 00000nab a2200000 a 4500
001 vtls000045189
003 SK-MaSNL
005 20260303213045.0
008 140301c1979 xo 0 slo
015 |a SNBRB19rr/mm-uuuuu 
035 |a CL0055284 
040 |a SNKBUCL  |b slo  |c SNKBUCL  |e AACR2 
041 0 |a slo 
044 |a xo  |c SK 
080 |a 372  |2 1981 
080 |a 373.5  |2 1981 
100 1 |a Geršič, Ján,  |d 1929-1990  |4 aut  |9 132748 
245 1 0 |a Chémia a dnešok  |b VII. medzinárodné sympózium socialistických štátov o vyučovaní chémie na všeobecnovzdelávacích školách  |c Ján Geršič 
300 |b Obr. 1. 
650 0 7 |a stredné školy  |2 snkbucl  |9 1279 
650 0 7 |a chémia  |2 snkbucl  |9 749 
655 7 |a články z novín a časopisov  |2 snkbucl  |9 267496 
773 0 |t Učiteľské noviny  |g Roč. 29, č. 49 (6. 12. 1979), s. 7 
850 |a Slovenská národná knižnica v Martine  |a MTA001 
852 |a SNK  |b KIS3GCP 
957 |a 3602 
958 |a RK 
992 |a RBX 
999 |c 2210413  |d 2212343